|
|
|
|
| LEADER |
00000cam a22000004a 4500 |
| 001 |
musev2_44349 |
| 003 |
MdBmJHUP |
| 005 |
20230905044636.0 |
| 006 |
m o d |
| 007 |
cr||||||||nn|n |
| 008 |
151102t19651964nju o 00 0 eng d |
| 020 |
|
|
|a 9781400878116
|
| 020 |
|
|
|z 9780691012667
|
| 020 |
|
|
|z 9780691060705
|
| 020 |
|
|
|z 9780691624358
|
| 020 |
|
|
|z 9780691650951
|
| 035 |
|
|
|a (OCoLC)966767603
|
| 040 |
|
|
|a MdBmJHUP
|c MdBmJHUP
|
| 100 |
1 |
|
|a Griffith, Clark,
|e author.
|
| 245 |
1 |
4 |
|a Long Shadow :
|b Emily Dickinson's Tragic Poetry /
|c by Clark Griffith.
|
| 264 |
|
1 |
|a Princeton, N.J. :
|b Princeton University Press,
|c 1965.
|
| 264 |
|
3 |
|a Baltimore, Md. :
|b Project MUSE,
|c 2017
|
| 264 |
|
4 |
|c ©1965.
|
| 300 |
|
|
|a 1 online resource (317 pages).
|
| 336 |
|
|
|a text
|b txt
|2 rdacontent
|
| 337 |
|
|
|a computer
|b c
|2 rdamedia
|
| 338 |
|
|
|a online resource
|b cr
|2 rdacarrier
|
| 490 |
0 |
|
|a Princeton Legacy Library
|
| 500 |
|
|
|a Includes index.
|
| 588 |
|
|
|a Description based on print version record.
|
| 600 |
1 |
7 |
|a Dickinson, Emily.
|2 swd
|
| 600 |
1 |
7 |
|a Dickinson, Emily,
|d 1830-1886.
|2 fast
|0 (OCoLC)fst00035276
|
| 600 |
1 |
6 |
|a Dickinson, Emily,
|d 1830-1886
|x Critique et interpretation.
|
| 600 |
1 |
0 |
|a Dickinson, Emily,
|d 1830-1886
|x Criticism and interpretation.
|
| 650 |
|
7 |
|a Lyrik
|2 gnd
|
| 650 |
|
7 |
|a Tragic, The, in literature.
|2 fast
|0 (OCoLC)fst01154372
|
| 650 |
|
7 |
|a LITERARY CRITICISM
|x Poetry.
|2 bisacsh
|
| 650 |
|
6 |
|a Tragique dans la litterature.
|
| 650 |
|
0 |
|a Tragic, The, in literature.
|
| 655 |
|
7 |
|a Criticism, interpretation, etc.
|2 fast
|0 (OCoLC)fst01411635
|
| 655 |
|
7 |
|a Electronic books.
|2 local
|
| 710 |
2 |
|
|a Project Muse.
|e distributor
|
| 830 |
|
0 |
|a Book collections on Project MUSE.
|
| 856 |
4 |
0 |
|z Texto completo
|u https://projectmuse.uam.elogim.com/book/44349/
|
| 945 |
|
|
|a Project MUSE - Custom Collection
|
| 945 |
|
|
|a Project MUSE - Archive Complete Supplement V
|
| 945 |
|
|
|a Project MUSE - Archive Literature Supplement V
|